| 000 | 00589nam a2200217Ia 4500 | ||
|---|---|---|---|
| 999 |
_c41220 _d41220 |
||
| 001 | 7872 | ||
| 003 | GE_BSU | ||
| 005 | 20220927155712.0 | ||
| 008 | 181216s2006fe xx |||||||||||||| ||fre|| | ||
| 020 | _a9782080722928 | ||
| 040 | _cGE_BSU | ||
| 041 | _afre | ||
| 080 | _a811.133.1 H-90 | ||
| 100 |
_aHugo, De _914863 |
||
| 245 |
_aNotre-Dame de Paris / _c De Hugo, |
||
| 264 |
_aParis : _bFlammarion, _c2006. |
||
| 300 |
_a224 p.: _c18 cm. |
||
| 653 | _aNotre-Dame de Paris | ||
| 653 | _aპარიზის ღვთისმშობლის ტაძარი | ||
| 942 |
_cBK _2udc |
||